000 00510nam a2200181Ia 4500
999 _c28340
_d28340
003 OSt
005 20201230154537.0
008 190216s9999||||xx |||||||||||||| ||und||
020 _a9788130001326
040 _coclc
082 _a894.8121
_bCHA/A
100 _aChacko, Chemmanam
_97459
245 0 _aAgnishudham /
_cChemmanam Chacko
260 _bPoorna Publication,
_aKozhikode:
_c2004.
300 _a98p
650 _aKavitha
942 _cBK
_2ddc
_h894.8121
_iCHA/A
_k894.8121
_mCHA/A